000 00655nam a22001817a 4500
999 _c60714
_d60714
005 20231012151158.0
008 231012s1988 gw ||||| |||| 00| 0 ger d
041 _ager
080 _a902 S-71
100 _aSommer, C.
_920065
245 _aLOPODVNVM - Ladenburg a.N. Archäologische Ausgrabungen 1981-1987:
_bMetzgergasse und St. Gallus, Kellereigasse /
_cC. Sommer, Kaiser Hartmut.
264 _aStuttgart,
_c1988.
300 _a48 p.:
_bill.;
_c24 cm.
653 _aარქეოლოგიური გათხრები
653 _aარქეოლოგია
700 _aHartmut, Kaiser
_eავტორი
_920066
942 _2udc
_cBK